Statistiques concernant Les plus gros transferts du football - Footballeurs français

Cliquez ici pour prendre le quiz!

Statistiques générales

  • Ce quiz a été pris 143 fois
  • Le résultat moyen est 9 sur 10

Statistiques - réponses

Montant de transfert (M €)SaisonVenant deAllant àJoueur% Correct
180,002018-2019AS MonacoParis SGKylian Mbappé
100%
120,002019-2020Atlético MadridBarceloneAntoine Griezmann
95%
105,002016-2017Juventus TurinManchester UnitedPaul Pogba
92%
135,002017-2018Borussia DortmundBarceloneOusmane Dembélé
89%
95,002023-2024Eintracht FrankfurtParis SGRandal Kolo Muani
89%
77,502001-2002Juventus TurinReal MadridZinédine Zidane
86%
80,002022-2023AS MonacoReal MadridAurélien Tchouaméni
85%
80,002019-2020Atlético MadridBayern MunichLucas Hernández
83%
72,002018--2019AS MonacoAtlético MadridThomas Lemar
77%
80,402022-2023Leicester CityChelseaWesley Fofana
71%

Distribution des résultats

Percentile par nombre de réponses

% des personnes avec chaque résultat

Votre développement - résultats

Vous n’avez pas pris ce quiz